Εκτίμηση των μεταβολών της εδαφικής κάλυψης για το νησί της Λέσβου τη περίοδο 1984-2006, χρησιμοποιώντας μεθόδους τηλεπισκόπισης (εικόνες Landsat TM) και παράλληλη εξέταση-αξιολόγηση τεχνικών πολυφασματικής ταξινόμησης : πτυχιακή εργασία

Αποθηκεύτηκε σε:
Λεπτομέρειες βιβλιογραφικής εγγραφής
Κύριος συγγραφέας: Οικονομόπουλος, Ευάγγελος
Συγγραφή απο Οργανισμό/Αρχή: Πανεπιστήμιο Αιγαίου. Σχολή Περιβάλλοντος. Τμήμα Περιβάλλοντος
Άλλοι συγγραφείς: Χατζόπουλος, Ιωάννης Ν. (Εισηγητής διατριβής)
Μορφή: Thesis Βιβλίο
Γλώσσα:Greek
Δημοσίευση: 2010
Θέματα:
Διαθέσιμο Online:http://hdl.handle.net/11610/10030
Ετικέτες: Προσθήκη ετικέτας
Δεν υπάρχουν, Καταχωρήστε ετικέτα πρώτοι!

MARC

LEADER 00000cam a2200000 i 4500
001 1/15905
008 111018s2010 gre d
035 |l 10111163 
040 |a GR-MY-UA  |b gre  |e aacr 
041 0 |a gre 
082 0 |a 333.72  |2 (22) 
100 1 |a Οικονομόπουλος, Ευάγγελος. 
245 1 0 |a Εκτίμηση των μεταβολών της εδαφικής κάλυψης για το νησί της Λέσβου τη περίοδο 1984-2006, χρησιμοποιώντας μεθόδους τηλεπισκόπισης (εικόνες Landsat TM) και παράλληλη εξέταση-αξιολόγηση τεχνικών πολυφασματικής ταξινόμησης :  |b πτυχιακή εργασία /  |c Οικονομόπουλος Ευάγγελος ; επιβλέπων καθηγητής: Ιωάννης Ν. Χατζόπουλος 
260 |c 2010 
300 |a 184 σ.;  |b σχ.,πιν.;  |c 30 εκ. 
502 |a Πτυχιακή εργασία – Πανεπιστήμιο Αιγαίου, Λέσβος, 2010. 
504 |a Βιβλιογραφία: σ. 132 
650 0 0 |a Remote sensing  |x Case studies. 
650 0 0 |a Land use  |z Greece  |z Lesbos (Municipality) 
650 0 0 |a Land use  |x Remote sensing. 
650 0 0 |a Vegetation surveys  |x Remote sensing. 
650 0 0 |a Dissertations, Academic  |z Greece. 
700 1 |a Χατζόπουλος, Ιωάννης Ν.  |4 ths 
710 2 |a Πανεπιστήμιο Αιγαίου.   |b Σχολή Περιβάλλοντος.   |b Τμήμα Περιβάλλοντος. 
852 |a INST  |b LESVOS  |c DIATR  |e 20111018  |h 1287α  |p 005100051276  |q 005100051276  |t DIE  |y 23 
852 |a INST  |b LESVOS  |c DIATR  |e 20111018  |h 1287β  |p 005100051275  |q 005100051275  |t DIE  |y 23 
852 |a INST  |b LESVOS  |c DIATR  |e 20111018  |h 1288α  |p 005100051274  |q 005100051274  |t DIE  |y 23 
852 |a INST  |b LESVOS  |c DIATR  |e 20111018  |h 1288β  |p 005100051273  |q 005100051273  |t DIE  |y 23 
856 |u http://hdl.handle.net/11610/10030 
901 |a BIBL1-2011-3 
909 |a Λ  |b 172878 
909 |a Λ  |b 172879 
909 |a Λ  |b 172880 
909 |a Λ  |b 172881 
924 |a ΟΙΚΟΝΟΜΟΠΟΥΛΟΣ  |b ΕΥΑΓΓΕΛΟΣ  |y ΛΕΣΒΟΣ  |z 2011-05 
970 |a ΤΖΑΦΕΡΗ  |b ΕΥΑΓΓΕΛΙΑ  |z 2011/10/18